LEADER 01370nam 22004213 450 001 9910510535203321 005 20211130080204.0 010 $a9783030877026$b(electronic bk.) 010 $z9783030877019 035 $a(MiAaPQ)EBC6816720 035 $a(Au-PeEL)EBL6816720 035 $a(CKB)19935019300041 035 $a(OCoLC)1287138632 035 $a(EXLCZ)9919935019300041 100 $a20211130d2022 uy 0 101 0 $aeng 135 $aurcnu|||||||| 181 $ctxt$2rdacontent 182 $cc$2rdamedia 183 $acr$2rdacarrier 200 10$aPositive Energy Buildings $eConcepts, Challenges and Opportunities 210 1$aCham :$cSpringer International Publishing AG,$d2022. 210 4$dİ2022. 215 $a1 online resource (153 pages) 225 1 $aGreen Energy and Technology Ser. 311 08$aPrint version: Lavikka, Rita Positive Energy Buildings Cham : Springer International Publishing AG,c2022 9783030877019 410 0$aGreen Energy and Technology Ser. 608 $aElectronic books. 700 $aLavikka$b Rita$01068845 701 $aRehman$b Hassam Ur$01068846 701 $aReda$b Francesco$0973627 701 $aKazi$b Abdul Samad$01068847 801 0$bMiAaPQ 801 1$bMiAaPQ 801 2$bMiAaPQ 912 $a9910510535203321 996 $aPositive Energy Buildings$92553814 997 $aUNINA LEADER 03508nam 22006615 450 001 9910851995103321 005 20250807135803.0 010 $a9783031546921 010 $a303154692X 024 7 $a10.1007/978-3-031-54692-1 035 $a(CKB)31636214700041 035 $a(MiAaPQ)EBC31290087 035 $a(Au-PeEL)EBL31290087 035 $a(DE-He213)978-3-031-54692-1 035 $a(EXLCZ)9931636214700041 100 $a20240420d2024 u| 0 101 0 $aeng 135 $aur||||||||||| 181 $ctxt$2rdacontent 182 $cc$2rdamedia 183 $acr$2rdacarrier 200 10$aAbortion and Catholicism in Britain $eAttitudes, Lived Religion and Complexity /$fby Sarah-Jane Page, Pam Lowe 205 $a1st ed. 2024. 210 1$aCham :$cSpringer International Publishing :$cImprint: Palgrave Macmillan,$d2024. 215 $a1 online resource (281 pages) 225 1 $aPalgrave Studies in Lived Religion and Societal Challenges,$x2946-4404 311 08$a9783031546914 311 08$a3031546911 320 $aIncludes bibliographical references and index. 327 $aChapter 1: Introduction -- Chapter 2: Abortion in the Public Discourse -- Chapter 3: Attitudes to Abortion -- Chapter 4: Silence versus Voice: The Parish and Abortion -- Chapter 5: Priests and the Pastoral Management of Abortion -- Chapter 6: Abortion Activism and Support -- Chapter 7: Crisis in the Parish? -- Chapter 8: Conclusion. 330 $aThis book details how British Catholic communities view abortion, highlighting the diversity of positions which often contrast with the official line of Catholic Church doctrine. The authors? extensive qualitative investigation involving various Catholic constituents demonstrates the complex ways attitudes are formed. Based on interviews with priests, Catholic parishioners, anti-abortion activists and Catholics living in close proximity to activism, this book takes a lived religion approach to argue that attitudes and approaches to abortion are nuanced and contextual, with the Catholic concept of individual conscience playing a fundamental role in navigating abortion issues. Ultimately, this investigation helps to explore in much greater depth the increased liberalisation in attitudes among Catholics towards abortion, at a time when Catholic activism opposing abortion is growing, and therefore shines a light on the conflicts that are apparent at the heart of Catholic parishes. This book will be of interest to scholars in Gender and Sexuality Studies, Sociology, Theology and Religious Studies. . 410 0$aPalgrave Studies in Lived Religion and Societal Challenges,$x2946-4404 606 $aReligion and sociology 606 $aSex 606 $aCatholic Church 606 $aKnowledge, Sociology of 606 $aSociology of Religion 606 $aGender Studies 606 $aCatholicism 606 $aSociology of Knowledge and Discourse 615 0$aReligion and sociology. 615 0$aSex. 615 0$aCatholic Church. 615 0$aKnowledge, Sociology of. 615 14$aSociology of Religion. 615 24$aGender Studies. 615 24$aCatholicism. 615 24$aSociology of Knowledge and Discourse. 676 $a301 700 $aPage$b Sarah-Jane$01246657 702 $aLowe$b Pam 801 0$bMiAaPQ 801 1$bMiAaPQ 801 2$bMiAaPQ 906 $aBOOK 912 $a9910851995103321 996 $aAbortion and Catholicism in Britain$94271760 997 $aUNINA